LEADER 01225nam a2200265 i 4500 001 000000089249 003 CaOOAMICUS 005 20181219102135.0 008 110406s2001 it u000 u eng u 013 $a61490 040 $aSeMil$bita 100 1 $aPatten, Donald W.$0(OLS)http://semarc/name/40378 245 10$aOn the numbers 54 and 108 /$cDonald Patten W. Emilio Spedicato. 260 $aBergamo :$bUniversità degli Studi di Bergamo,$c2001. 300 $a15 c. ;$c30 cm. 490 0 $aQuaderni del Dipartimento di matematica, statistica, informatica ed applicazioni. Serie Miscellanea ;$v4 650 4$aNumeri - Simbolismo.$0(OLS)http://semarc/subject/16471 700 1 $aSpedicato, Emilio.$0(OLS)http://semarc/name/40379 830 0$aQuaderni del Dipartimento di matematica, statistica, informatica ed applicazioni. Serie Miscellanea ;$v4.$0(OLS)http://semarc/title/9776 850 $aSeMil 852 $aSeMil$W1$xVenegono$y1$m3X VI 111$j52397$B52397$CSeMilBibl$Z2$F56849 $81 961 $aOmaggio: Autore 996 $6245$aOn the numbers 54 and 108$9(OLS)http://semarc/title/135138 996 $6260$aBergamo :$bUniversità degli Studi di Bergamo$9(OLS)http://semarc/publisher/31996 LEADER 01237nam a2200277 i 4500 001 000000223313 003 CaOOAMICUS 005 20131009000000.0 008 131009s2001 it u000 u eng u 013 $a202210 020 $a0-8091-0534-9 040 $aSeMil$bita 100 1 $aSullivan, Francis A.$0(OLS)http://semarc/name/19856 245 10$aFrom apostles to bishops :$bthe development of the episcopacy in the early church /$cFrancis A. Sullivan. 260 $aNew York :$bNewman Press,$c2001. 300 $aXI, 253 p. ;$c24 cm. 500 $aFondo card. C. M. Martini. 650 4$aChiesa primitiva e delle origini .$0(OLS)http://semarc/subject/1281 650 4$aChiesa primitiva e delle origini - Episcopato.$0(OLS)http://semarc/subject/39731 850 $aSeMil 852 $aSeMil$W1$xVenegono$y1$m3A IV 287$j173659$B173659$CSeMilBibl$Z2$F185592 $81 941 1 $a4 961 $aLascito: Martini Card. Carlo Maria 996 $6020$a0-8091-0534-9$9(OLS)http://semarc/number/223238 996 $6245$aFrom apostles to bishops :$bthe development of the episcopacy in the early church$9(OLS)http://semarc/title/320236 996 $6260$aNew York :$bNewman Press$9(OLS)http://semarc/publisher/35866